000 00291 a2200145 4500
001 71005
020 _a9788599884164
040 _cAnchieta - Itaigara
240 1 0 _aCinderela
_lpor
245 1 0 _aCinderela
300 _a25
362 0 _a2010
650 4 _aLiteratura infantil
942 _cBK
999 _c71005
_d71005